| 000 | 00792nas a2200265 4500 | ||
|---|---|---|---|
| 001 | BR9209779 | ||
| 003 | BR-BrBNA | ||
| 005 | 20231205093329.0 | ||
| 007 | ta | ||
| 008 | 230509b bl.|||p| |||| 00| 00por d | ||
| 040 |
_aBR-BrBNA _bpor _cBiblioteca Nacional de Agricultura |
||
| 041 | _a(Pt) | ||
| 072 | _aL40 | ||
| 100 | 1 | _aOliveira, J.A. de | |
| 100 | 1 | _aNiccoli Filho, W.D. | |
| 100 | 1 | _aLeite, H.F. | |
| 100 | 1 | _aSimoes, S. | |
| 100 | 1 | _aMadeira, M.C. | |
| 245 | 1 | _aAspectos anatomicos do nervo facial do macaco-prego (Cebus apella) | |
| 650 | _aMACACO PREGO | ||
| 650 | _aANATOMIA ANIMAL | ||
| 773 | 0 |
_tRevista Brasileira de Biologia (Brazil) _xISSN 0034-7108 _g(Nov 1988), v. 48(4) p. 785-788 _wBR9209779 |
|
| 909 |
_a202311 _bLúcia _c55 _dLúcia Elande |
||
| 942 |
_2AGRIS _n0 _cANA |
||
| 999 |
_c137565 _d137565 |
||